|
|
|
|
| LEADER |
00000nam a2200000 a 4500 |
| 001 |
vtls001081008 |
| 003 |
SK-MaSNL |
| 005 |
20260301094536.0 |
| 008 |
250806s1988 xo f 000 1 slo |
| 015 |
|
|
|a SNBA1989/05
|
| 035 |
|
|
|a SNK000023846
|
| 035 |
|
|
|a urn:nbn:sk:snk-amkp8d
|
| 035 |
|
|
|a urn:nbn:sk:snk-am004uu8
|
| 035 |
|
|
|a 343AB99F-73BB-4167-8DC4-090B45F1215C
|
| 035 |
|
|
|a urn:nbn:sk:snk-am005eos
|
| 035 |
|
|
|a 63117402-547E-4C95-B73F-C0DB2DA359EA
|
| 040 |
|
|
|a SNK
|b slo
|c SNK
|e AACR2
|
| 041 |
0 |
|
|a slo
|
| 044 |
|
|
|a xo
|c SK
|
| 080 |
|
|
|a 82.09:885.4
|2 1981
|
| 080 |
|
|
|a 885.4
|2 1981
|
| 080 |
|
|
|a 885.4.09
|2 1981
|
| 100 |
1 |
|
|a Števček, Pavol,
|d 1932-2003
|4 aut
|9 103687
|
| 245 |
1 |
0 |
|a Kritické miniatúry
|c Pavol Števček
|
| 250 |
|
|
|a 1. vyd.
|
| 260 |
|
|
|a Bratislava
|b Ústav umeleckej kritiky a divadelnej dokumentácie
|c 1988
|
| 300 |
|
|
|a 296 s.
|c 21 cm
|
| 366 |
|
|
|e 300 výt.
|
| 650 |
0 |
7 |
|a slovenská literatúra
|2 SNKPH
|9 1115
|
| 650 |
0 |
7 |
|a súborné vydania
|2 SNKPH
|9 428485
|
| 655 |
|
7 |
|a štúdie
|2 SNKPH
|9 57033
|
| 958 |
|
|
|a EUIPO
|
| 958 |
|
|
|a OND
|
| 958 |
|
|
|a LX
|
| 958 |
|
|
|a RM
|
| 999 |
|
|
|c 680596
|d 682526
|
| 952 |
|
|
|a SNK
|b SNK
|y VYP
|7 0
|p 17A1141036
|o snkSC 74142 D1
|i snkKSP 2801/89
|0 0
|1 0
|4 0
|d 2015-03-17
|f 1
|l 0
|r 2026-02-23 19:55:34
|w 2026-02-23
|